• 首页
  • 本馆介绍
  • 公告通知
  • 最新文献
  • 馆藏检索
  • 电子资源
  • 读者导购
  • 参考咨询
  • 我的图书馆
  • 登录
  • 详细信息显示
  • 放入我的书架
  • 预约/预借图书
  • 作者相关作品
  • 分类相关作品
  • 丛书相关作品
  • 出版社相关作品

书目信息

  • 表格格式
  • 工作单格式
  • 卡片格式
题名:
木雕直构法
    
 
作者: 徐光福 著
分册:  
出版信息: 重庆   西南师范大学出版社  2018
页数: 107页
开本: 29cm
丛书名:
单 册:
中图分类: J314.2
科图分类:
主题词: 木雕--雕塑技法--高等学校--教材
电子资源:
ISBN: 978-7-5621-9309-8
000 01047nam0 2200241 450
001 2362047967
005 20231128144204.96
010    @a978-7-5621-9309-8@dCNY49.00
100    @a20181129d2018 em y0chiy50 ea
101 0  @achi
102    @aCN@b500000
105    @aa z 000yy
200 1  @a木雕直构法@Amu diao zhi gou fa@dDirect statu carving of wood@f徐光福著@zeng
210    @a重庆@c西南师范大学出版社@d2018
215    @a107页@c彩图@d29cm
300    @a普通高等教育“十三五”规划教材 四川美术学院雕塑系列实践教学系列教程
330    @a本书为公共艺术系列选题中的一本,共分四章,首章作为概述,介绍“木雕直构法”的定义、发展脉络以及在当代艺术中的价值;第二章讲解木雕直构法的技法观念和美学特征,例如将错就错,尊重材料等;第三章为木料和创作工具的讲解;第四章为这一艺术的具体教学,包括教学大纲、教学示范和课堂作业展示。
510 1  @aDirect statu carving of wood@zeng
606 0  @a木雕@x雕塑技法@x高等学校@j教材
690    @aJ314.2@v5
701  0 @a徐光福@Axu guang fu@f(1959-)@4著
801  0 @aCN@b山东中教@c20231126
905    @aBZT@dJ314.2@e5
    
    木雕直构法=Direct statu carving of wood/徐光福著.-重庆:西南师范大学出版社,2018
    107页:彩图;29cm
    普通高等教育“十三五”规划教材 四川美术学院雕塑系列实践教学系列教程
    
    ISBN 978-7-5621-9309-8:CNY49.00
    本书为公共艺术系列选题中的一本,共分四章,首章作为概述,介绍“木雕直构法”的定义、发展脉络以及在当代艺术中的价值;第二章讲解木雕直构法的技法观念和美学特征,例如将错就错,尊重材料等;第三章为木料和创作工具的讲解;第四章为这一艺术的具体教学,包括教学大纲、教学示范和课堂作业展示。
●
相关链接 在五车中查询图书 在当当中查询图书 在豆瓣中查询图书


正题名:木雕直构法     索取号:J314.2/5         预约/预借

序号 登录号 条形码 馆藏地/架位号 状态 备注
1 2001213070   2001213070   中教(第二批第二书库)/山东中教(第二批)/497/ [索取号:J314.2/5] 在馆    
2 2001213071   2001213071   中教(第二批第二书库)/山东中教(第二批)/497/ [索取号:J314.2/5] 在馆    
3 2001213072   2001213072   中教(第二批第二书库)/山东中教(第二批)/497/ [索取号:J314.2/5] 在馆    
4 2001213073   2001213073   中教(第二批第二书库)/山东中教(第二批)/497/ [索取号:J314.2/5] 在馆    
5 2001213074   2001213074   中教(第二批第二书库)/山东中教(第二批)/497/ [索取号:J314.2/5] 在馆    
6 2001213075   2001213075   中教(第二批第二书库)/山东中教(第二批)/497/ [索取号:J314.2/5] 在馆    
7 2001213076   2001213076   中教(第二批第二书库)/山东中教(第二批)/497/ [索取号:J314.2/5] 在馆    
8 2001213077   2001213077   中教(第二批第二书库)/山东中教(第二批)/497/ [索取号:J314.2/5] 在馆    
9 2001213078   2001213078   中教(第二批第二书库)/山东中教(第二批)/497/ [索取号:J314.2/5] 在馆    
10 2001213079   2001213079   中教(第二批第二书库)/山东中教(第二批)/497/ [索取号:J314.2/5] 在馆    
11 2001218232   2001218232   中教(第二批第二书库)/山东中教(第二批)/1143/ [索取号:J314.2/5] 在馆    
12 2001218233   2001218233   中教(第二批第二书库)/山东中教(第二批)/1143/ [索取号:J314.2/5] 在馆    
13 2001218234   2001218234   中教(第二批第二书库)/山东中教(第二批)/1143/ [索取号:J314.2/5] 在馆    
14 2001218235   2001218235   中教(第二批第二书库)/山东中教(第二批)/1143/ [索取号:J314.2/5] 在馆    
15 2001218236   2001218236   中教(第二批第二书库)/山东中教(第二批)/1143/ [索取号:J314.2/5] 在馆    
16 2001218237   2001218237   中教(第二批第二书库)/山东中教(第二批)/1143/ [索取号:J314.2/5] 在馆    
17 2001218238   2001218238   中教(第二批第二书库)/山东中教(第二批)/1143/ [索取号:J314.2/5] 在馆    
18 2001218239   2001218239   中教(第二批第二书库)/山东中教(第二批)/1143/ [索取号:J314.2/5] 在馆    
19 2001218240   2001218240   中教(第二批第二书库)/山东中教(第二批)/1143/ [索取号:J314.2/5] 在馆    
20 2001218241   2001218241   中教(第二批第二书库)/山东中教(第二批)/1143/ [索取号:J314.2/5] 在馆    
21 2001218242   2001218242   中教(第二批第二书库)/山东中教(第二批)/1143/ [索取号:J314.2/5] 在馆    
22 2001218243   2001218243   中教(第二批第二书库)/山东中教(第二批)/1143/ [索取号:J314.2/5] 在馆    
23 2001218244   2001218244   中教(第二批第二书库)/山东中教(第二批)/1143/ [索取号:J314.2/5] 在馆    
24 2001218245   2001218245   中教(第二批第二书库)/山东中教(第二批)/1143/ [索取号:J314.2/5] 在馆    
25 2001218246   2001218246   中教(第二批第二书库)/山东中教(第二批)/1143/ [索取号:J314.2/5] 在馆    
26 2001218247   2001218247   中教(第二批第二书库)/山东中教(第二批)/1143/ [索取号:J314.2/5] 在馆    
27 2001218248   2001218248   中教(第二批第二书库)/山东中教(第二批)/1143/ [索取号:J314.2/5] 在馆    
28 2001218249   2001218249   中教(第二批第二书库)/山东中教(第二批)/1143/ [索取号:J314.2/5] 在馆    
29 2001218250   2001218250   中教(第二批第二书库)/山东中教(第二批)/1143/ [索取号:J314.2/5] 在馆    
30 2001218251   2001218251   中教(第二批第二书库)/山东中教(第二批)/1143/ [索取号:J314.2/5] 在馆    
山东省滨州职业学院图书馆 欢迎您!
大连网信软件有限公司© 版权所有